Basic theory of space communications / (Record no. 16872)
[ view plain ]
| 000 -LEADER | |
|---|---|
| fixed length control field | 00972nam a22002772 4500 |
| 001 - CONTROL NUMBER | |
| control field | 16872 |
| 003 - CONTROL NUMBER IDENTIFIER | |
| rucl marc code | BD-RjUL |
| 005 - DATE AND TIME OF LATEST TRANSACTION | |
| control field | 20211209000048.0 |
| 008 - FIXED-LENGTH DATA ELEMENTS--GENERAL INFORMATION | |
| fixed length control field | 140215s1965 njua b 001 0 eng d |
| 035 ## - SYSTEM CONTROL NUMBER | |
| System control number | (BD-RjUL)16927 |
| -- | OCLC ocm01672531 from D971104M |
| 040 ## - CATALOGING SOURCE | |
| Original cataloging agency | DLC |
| Transcribing agency | FQG |
| Modifying agency | SER |
| -- | EQO |
| -- | BD-RjUL |
| Language of cataloging | eng |
| 041 ## - LANGUAGE CODE | |
| Language code of text/sound track or separate title | eng |
| 082 00 - DEWEY DECIMAL CLASSIFICATION NUMBER | |
| Classification number | 629.437 |
| Author mark and year | TIB 1965 |
| 100 1# - MAIN ENTRY--PERSONAL NAME | |
| Personal name | Tischer, Friedrich J., |
| Dates associated with a name | 1913- |
| 9 (RLIN) | 52089 |
| 245 10 - TITLE STATEMENT | |
| Title | Basic theory of space communications / |
| Statement of responsibility, etc. | by Frederick J. Tischer. |
| 260 ## - PUBLICATION, DISTRIBUTION, ETC. (IMPRINT) | |
| Place of publication, distribution, etc. | Princeton, N.J. : |
| Name of publisher, distributor, etc. | Van Nostrand, |
| Date of publication, distribution, etc. | 1965. |
| 300 ## - PHYSICAL DESCRIPTION | |
| Pagination | xix, 463 p. : |
| Illustrations | illus. |
| Size | 24 cm. |
| 490 1# - SERIES STATEMENT | |
| Series statement | Van Nostrand series in electronics and communications |
| 504 ## - BIBLIOGRAPHY, ETC. NOTE | |
| Bibliography, etc | Includes bibliographical references and indexes. |
| 650 #0 - SUBJECT ADDED ENTRY--TOPICAL TERM | |
| Topical term or geographic name as entry element | Astronautics |
| General subdivision | Communication systems. |
| 9 (RLIN) | 47208 |
| Topical term or geographic name as entry element | Plasma (Ionized gases) |
| 9 (RLIN) | 52090 |
| 830 #0 - SERIES ADDED ENTRY--UNIFORM TITLE | |
| Uniform title | Van Nostrand series in electronics and communications |
| 942 ## - ADDED ENTRY ELEMENTS (KOHA) | |
| Source of classification or shelving scheme | Dewey Decimal Classification |
| Koha item type | Books |
| Lost status | Source of classification or shelving scheme | Damaged status | Not for loan | Collection code | Permanent Location | Current Location | Shelving location | Date acquired | Source of acquisition | Cost, normal purchase price | Total Checkouts | Full call number | Date last seen | Copy number | Koha item type |
|---|---|---|---|---|---|---|---|---|---|---|---|---|---|---|---|
| Dewey Decimal Classification | Non-fiction | Central Library, University of Rajshahi | Central Library, University of Rajshahi | 30/08/1971 | Zeitlinger | 110.00 | 629.437 TIB 1965 | 15/02/2014 | C-3 | Books | |||||
| Dewey Decimal Classification | Not For Loan | Non-fiction | Central Library, University of Rajshahi | Central Library, University of Rajshahi | Reading Room | 30/06/1971 | Zeitlinger | 110.00 | 629.437 TIB 1965 | 18/11/2018 | C-1 | Books | |||
| Dewey Decimal Classification | Non-fiction | Central Library, University of Rajshahi | Central Library, University of Rajshahi | 30/08/1971 | Zeitlinger | 110.00 | 629.437 TIB 1965 | 22/11/2018 | C-2 | Books |